Score 0/30 Timer 05:00
0 Plays Today
Rank Country % Correct
Best: 13United States of America
91.5%
Best: 7Sweden
88%
Best: 1Norway
86.7%
Best: 4Canada
85.8%
Best: 8France
84.6%
Best: 12 Finland
80.4%
Best: 2Australia
76.5%
Best: 10Japan
74.1%
Best: 15Spain
72.8%
Best: 9Switzerland
70%
Best: 3Iceland
64.9%
Best: 6Netherlands
64%
Best: 5Ireland
63.7%
Worst: 1Niger
61.5%
Best: 14Austria
57.1%
Rank Country % Correct
Worst: 8Chad
55.7%
Worst: 2Afghanistan
55.6%
Worst: 7Democratic Republic of Congo
53.1%
Best: 11Luxembourg
51.5%
Worst: 12Ethiopia
48.9%
Worst: 5Mali
45.3%
Worst: 4Central African Republic
41.7%
Worst: 3Sierra Leone
40.9%
Worst: 14Liberia
38.2%
Worst: 13Guinea
36.5%
Worst: 6Burkina Faso
33.2%
Worst: 11Mozambique
31.6%
Worst: 15Gambia
30%
Worst: 9Burundi
30%
Worst: 10Guinea-Bissau
28.9%
Remove Ads.
Support Sporcle.
Get the best of Sporcle when you Go Orange. This ad-free experience offers more features, more stats, and more fun while also helping to support Sporcle. Thank you for becoming a member.

You're not logged in!

Compare scores with friends on all Sporcle quizzes.
OR
Log In

Show Comments

Extras

Top Quizzes Today


Score Distribution

Your Account Isn't Verified!

In order to create a playlist on Sporcle, you need to verify the email address you used during registration. Go to your Sporcle Settings to finish the process.

Report this User

Report this user for behavior that violates our Community Guidelines.

Details: